00419 2200169 4500001002100000005001500021035002000036007000300056008004100059020001800100082000800118084001800126100002300144245003300167260003300200990001600233INLIS00000000000267120260409113414 a0010-0426000129ta260409 0  a9786233274753 a850 a850 AUG g C.10 aAUGUSTO DE ANGELIS1 aGREBEKAN DI HOTEL TIGA MAWAR ayogyakarta :bLaksana,c2023 a2026/h/0729